000 00455nam a2200181Ia 4500
001 10467
005 20260306161834.0
008 260306t1995||||xx |||||||||||||| ||spa||
041 _aESP
082 _a930.1
_bF14 1995
100 _aFagan, Brian M.
_eAUT
245 0 _aPeople of the Earth:
_ban introduction to world prehistory
260 _c1995
300 _a595 páginas :
_c25 cm.
650 _aGEN
654 _aCHU
942 _cLIB
_dJUS
_fJUS
_2ddc
_n
999 _c10467
_d10467